| 000 | 00436nam a22001697a 4500 | ||
|---|---|---|---|
| 005 | 20180312150715.0 | ||
| 008 | 160630b xxu||||| |||| 00| 0 eng d | ||
| 020 | _a81-219-2702-1 | ||
| 041 | _aeng | ||
| 082 |
_b19695 _a332.6 |
||
| 100 |
_aBhalla V K _93300 |
||
| 245 | _aFundamentals of Investment Management | ||
| 260 |
_aNew Delhi _bSultan Chand & Sons, _c2013 |
||
| 300 | _a669 | ||
| 650 |
_aDiploma Engineering _9817 |
||
| 942 | _cBK | ||
| 999 |
_c4914 _d4912 |
||